000 00584nam a2200205 a 4500
001 23565
003 CO-ViMGA
005 20230915231709.0
008 141112s2004 ck r 000 u spa d
020 _a9789582007232
040 _aCO-ViMGA
_bspa
_cCO-ViMGA
082 0 4 _a378.16 M657a
100 1 _aMontenegro, Ignacio
_92209
245 1 0 _aAprendizaje y desarrollo de las competencias /
_cIgnacio Montenegro
260 _aColombia :
_bMagisterio
300 _a160p.
650 1 4 _aCOMPETENCIAS educación
_92211
650 1 4 _aEVALUACION POR COMPETENCIAS
_92210
942 _2ddc
_cBK
999 _c31685
_d31685